| 000 | 00000nam##2200000za#4500 |
| 001 | 9.601266 |
| 003 | CaOODSP |
| 005 | 20220623094112 |
| 007 | cr ||||||||||| |
| 008 | 150406|1999||||xxc|||||o f|0| 0 fre|d |
| 040 | |aCaOODSP|bfre |
| 043 | |an-cn--- |
| 086 | 1 |aC21-23/21-1999F-PDF |
| 110 | 1 |aCanada. |bIndustrie Canada. |
| 245 | 13|aLa recherche universitaire et la commercialisation de la propriété intellectuelle au Canada : |h[ressource électronique]|bdocument hors série n° 21, avril 1999 / |cpar Wulong Gu et Lori Whewell. |
| 260 | |aOttawa - Ontario : |bIndustrie Canada |cAvril 1999. |
| 300 | |a130p.|bfigures, graphiques, tableaux |
| 490 | 1 |aDocument hors série|vN° 21 |
| 500 | |aLe n° de catalogue (C21-23/21-1999) et l’ISBN (0-662-64196-5) de l'édition imprimée bilingue ont été incorrectement copiés dans l’édition électronique. |
| 504 | |aBibliographie. |
| 590 | |a11-09-Supp|b2011-06-30 |
| 720 | 1 |aGu, Wulong |
| 720 | 1 |aWhewell, Lori |
| 775 | 08|tUniversity research and the commercialization of intellectual property in Canada : |w(CaOODSP)9.570614 |
| 776 | 0#|tUniversity research and the commercialization of intellectual property in Canada / |w(CaOODSP)9.531906 |
| 776 | 0#|tLa recherche universitaire et la commercialisation de la propriété intellectuelle au Canada / |w(CaOODSP)9.531907 |
| 830 | #0|aDocument hors série (Canada. Industrie Canada)|vN° 21|w(CaOODSP)9.501162 |
| 856 | 40|ahttp://publications.gc.ca|qPDF|s315 Ko|uhttps://publications.gc.ca/collections/Collection/C21-23-21-1999F.pdf|yN° 21 |